Famous sailors (real ones) - Statistics

General Stats
  • This quiz has been taken 37 times
  • The average score is 4 of 11
Answer Stats
Hint Answer % Correct
The first circumnavigator of the world. Portuguese. Cape Horn. Ferdinand Magellan
72%
Famous for the Battle of Trafalgar during Napoleonic Wars. 1st Viscount. Horatio Nelson
63%
Circumnavigated the globe twice. A hero to the English; a pirate to the Spanish. Sir Francis Drake
59%
Famous for charting and visiting the Pacific especially Hawaii, where he died. James Cook
47%
Famous as a pirate around the Caribbean. Known as Blackbeard. Edward Teach
25%
10th Century Icelandic sailor who may have also discovered North America. Leif Ericson
25%
Introduced tobacco and other items from the U.S. colonies. Favorite of Queen Elizabeth. Sir Walter Raleigh
25%
Norwegian adventurer who recreated voyages on ships made of balsa or papyrus. Thor Heyerdahl
19%
Captain of the Titanic when it sank in 1912 on its maiden voyage. Edward Smith
13%
14th Century Chinese explorer who may have even discovered America during his travels. Zheng He
6%
First single-handed circumnavigation of the world. Sir Alec Rose
3%
No matching quizzes found
Score Distribution
Percent of People with Each Score
Percentile by Number Answered
Your Score History
You have not taken this quiz